Zwycięzcy Mistrzostw Świata w Koszykówce - Statystyki

Ogólne statystyki
  • Ten quiz został rozwiązany 168 razy
  • Średni wynik to 11 z 16
Statystyki odpowiedzi
Rok Państwo % Poprawnych
1954 Stany Zjednoczone
98%
1986 Stany Zjednoczone
98%
1994 Stany Zjednoczone
98%
2010 Stany Zjednoczone
98%
2006 Hiszpania
88%
1950 Argentyna
61%
1959 Brazylia
59%
1963 Brazylia
59%
1967 Związek Radziecki
58%
1974 Związek Radziecki
58%
1982 Związek Radziecki
58%
1970 Jugosławia
46%
1978 Jugosławia
46%
1990 Jugosławia
46%
1998 Jugosławia
46%
2002 Jugosławia
46%
Nie znaleziono quizów pasujących do podanych kryteriów
Rozkład punktacji
Procent ludzi z każdym wynikiem
Percentyl według liczby udzielonych odpowiedzi
Twoja historia wyników
Nie rozwiązałeś tego quizu